Gasoline - The Weeknd Lyrics - Statistics

General Stats
  • This quiz has been taken 109 times
  • The average score is 219 of 264
Answer Stats
Hint Lyrics % Correct
I
98%
it
98%
It
98%
Verse1 | Verse2 It's
98%
it's
98%
5
96%
AM
96%
AM,
96%
I'm
96%
me
96%
my
96%
you
96%
You
96%
again
95%
know
95%
sleep
95%
the
95%
time
95%
to
95%
and
93%
And
93%
can
93%
in
93%
In
93%
gasoline
91%
so
91%
don't
89%
finally
87%
let
87%
love
87%
mean
87%
much
87%
OD
87%
that
87%
watch
87%
when
87%
body
85%
die
85%
peace
85%
pour
85%
sheets
85%
won't
85%
breathe
84%
high
84%
if
84%
just
84%
Just
84%
not
84%
pain
84%
these
84%
spin
82%
this
82%
wrap
82%
after
80%
for
80%
only
80%
out
80%
'round
80%
safe
80%
your
80%
around
78%
Bridge 4x Around
78%
see
78%
calling
76%
can't
76%
nothing
76%
there's
76%
up
76%
tryin'
75%
we
75%
always
73%
lose
73%
feel
71%
myself
71%
neck
71%
squeeze
71%
beat
69%
faith
67%
I've
67%
of
67%
pushin'
67%
soakin'
67%
hands
65%
moon,
65%
trying
65%
we're
65%
further
64%
heartbeat
64%
more
64%
close
62%
Oh,
62%
thing
62%
want
62%
baby,
60%
hold
60%
Is
60%
go
58%
into
58%
life,
58%
off
58%
R.E.M
58%
at
56%
'cause
56%
dozing
56%
understand
56%
are
55%
both
55%
fallen
55%
insane
55%
Make
55%
tenderness
55%
lookin'
53%
abyss
51%
believe
51%
hopelessness
51%
over
51%
please,
51%
called
49%
emptiness
49%
game
49%
nihilist
49%
staring
49%
Apocalypse
47%
live
47%
zero
45%
aftermaths
40%
sum
40%
free
38%
obessing
7%
No matching quizzes found
Score Distribution
Percent of People with Each Score
Percentile by Number Answered
Your Score History
You have not taken this quiz